Billy Joel Lyrics Quiz (Part 19) - Statistics

General Stats
  • This quiz has been taken 51 times
  • The average score is 197 of 316
Answer Stats
Answer % Correct
I
97%
a
95%
the
95%
to
87%
in
82%
me
82%
And
79%
be
79%
do
79%
for
79%
it
79%
when
79%
you
79%
You
79%
don’t
74%
is
74%
go
72%
how
72%
know
72%
no
72%
No
72%
of
72%
why
72%
Why
72%
all
69%
can
69%
it’s
69%
It’s
69%
my
69%
too
69%
Too
69%
if
67%
there
67%
will
67%
I’m
64%
this
62%
at
59%
like
56%
nothing
56%
only
56%
or
56%
as
54%
long
54%
much
54%
take
54%
time
54%
won’t
54%
low
51%
Tell
51%
up
51%
extremes
49%
extremes?
49%
fall
49%
feel
49%
high
49%
life
49%
Right
49%
right
49%
gone
46%
got
46%
I’ve
46%
last
46%
more
46%
night
46%
out
46%
Out
46%
think
46%
ain’t
44%
Call
44%
call
44%
Darling
44%
stand
44%
fast
41%
feels
41%
going
41%
into
41%
Maybe
41%
moment
41%
myself
41%
over
41%
Sometimes
41%
sometimes
41%
cool
38%
feeling
38%
fool
38%
please,
38%
prime
38%
tonight
38%
totally
38%
every
36%
joker,
36%
kill
36%
lie
36%
wrong
36%
break?
33%
Clear
33%
fight
33%
heart
33%
in-betweens
33%
knife
33%
sharp
33%
shot
33%
tired,
33%
after
31%
awake,
31%
Coming
31%
crystal,
31%
darkness,
31%
set
31%
Either
28%
hill
28%
light
28%
seams
28%
sure
28%
Until
28%
apart
26%
crime
26%
Eager
26%
perfectly
26%
ready
26%
scene
26%
starting
26%
headed
21%
Leaving
21%
No matching quizzes found
Score Distribution
Percent of People with Each Score
Percentile by Number Answered
Your Score History
You have not taken this quiz